| 000 | 00527nam a22002057a 4500 | ||
|---|---|---|---|
| 001 | 21575 | ||
| 005 | 20260318115102.0 | ||
| 008 | 260318b |||||||| |||| 00| 0 spa d | ||
| 041 | _aESP | ||
| 082 |
_a690 _bR75 |
||
| 100 | _aRodriguez Castillejo, Walter | ||
| 245 |
_aGerencia de construcción y del tiempo-costo : _bprogramación y control de obras |
||
| 260 |
_a : _b , _c2013 |
||
| 300 |
_a594 páginas : _b ; _c25 cm. |
||
| 440 | _a ; | ||
| 650 | _aGEN | ||
| 654 | _aCAN | ||
| 700 | _a; | ||
| 942 |
_cLIB _dJUS _fJUS _2ddc |
||
| 999 |
_c21575 _d21575 |
||